Centrifugal Pumps : (Record no. 12109)
[ view plain ]
| 000 -LEADER | |
|---|---|
| fixed length control field | 00692pam a2200229 a 4500 |
| 001 - CONTROL NUMBER | |
| control field | 1896538 |
| 005 - DATE AND TIME OF LATEST TRANSACTION | |
| control field | 20171218115134.0 |
| 008 - FIXED-LENGTH DATA ELEMENTS--GENERAL INFORMATION | |
| fixed length control field | 840724s1985 txua 001 0 eng |
| 010 ## - LIBRARY OF CONGRESS CONTROL NUMBER | |
| LC control number | 84015769 |
| 020 ## - INTERNATIONAL STANDARD BOOK NUMBER | |
| International Standard Book Number | 0872011909 |
| 040 ## - CATALOGING SOURCE | |
| Original cataloging agency | DLC |
| Transcribing agency | DLC |
| Modifying agency | DLC |
| 050 00 - LIBRARY OF CONGRESS CALL NUMBER | |
| Classification number | TJ919 |
| Item number | .L52 1985 |
| 082 00 - DEWEY DECIMAL CLASSIFICATION NUMBER | |
| Classification number | 621.67 |
| Edition number | 22 |
| Item number | LAB |
| 100 1# - MAIN ENTRY--PERSONAL NAME | |
| Personal name | Lobanoff, Val S., |
| Dates associated with a name | 1910- |
| 9 (RLIN) | 7208 |
| 245 10 - TITLE STATEMENT | |
| Title | Centrifugal Pumps : |
| Remainder of title | Design and Aplication / |
| Statement of responsibility, etc | Val S. Lobanoff, Robert R. Ross. |
| 260 ## - PUBLICATION, DISTRIBUTION, ETC. (IMPRINT) | |
| Place of publication, distribution, etc | Houston, Tex. : |
| Name of publisher, distributor, etc | Gulf Pub. Co., |
| Date of publication, distribution, etc | c1985. |
| 300 ## - PHYSICAL DESCRIPTION | |
| Extent | x, 374 p. : |
| Other physical details | ill. ; |
| Dimensions | 25 cm. |
| 500 ## - GENERAL NOTE | |
| General note | Includes index. |
| 650 #0 - SUBJECT ADDED ENTRY--TOPICAL TERM | |
| 9 (RLIN) | 7209 |
| Topical term or geographic name as entry element | Centrifugal pumps |
| 700 1# - ADDED ENTRY--PERSONAL NAME | |
| Personal name | Ross, Robert R., |
| Dates associated with a name | 1934- |
| 9 (RLIN) | 7210 |
| 942 ## - ADDED ENTRY ELEMENTS (KOHA) | |
| Source of classification or shelving scheme | Dewey Decimal Classification |
| Item type | Book - Borrowing |
| Withdrawn status | Item status | Source of classification or shelving scheme | Damaged status | Not for loan | Vendor | Home library | Current library | Shelving location | Date acquired | Source of acquisition | Cost, normal purchase price | Total Checkouts | Total Renewals | Full call number | Barcode | Date last seen | Date last borrowed | Koha item type |
|---|---|---|---|---|---|---|---|---|---|---|---|---|---|---|---|---|---|---|
| Dewey Decimal Classification | Alef-Baa | Central Library | Central Library | First floor | 29/06/2009 | 150.00 | 4 | 26 | 621.67 LAB | 000017221 | 15/07/2025 | 20/04/2016 | Book - Borrowing |